L'annonce faite à Marie : édition augmentée d'une variante pour la scène de l'acte IV /

保存先:
書誌詳細
第一著者: Claudel, Paul (autor)
フォーマット: 図書
言語:フランス語
出版事項: París, Francia : Gallimard, 1940, c1940
版:15a edición
シリーズ:(Oeuvres de Paul Claudel)
主題:
タグ: タグ追加
タグなし, このレコードへの初めてのタグを付けませんか!

MARC

LEADER 00000nam^a2200000^a^4500
001 000342105
005 20250521000000.0
009 20260526141201.222
037 |a Acervo Xavier Clavigero 
041 |a FRA 
082 |a 842.  |b CLA 
100 |a Claudel, Paul  |e (autor) 
240 1 4 |a [La anunciación a María] 
240 1 2 |a [L'annonce faite à Marie] 
245 1 1 |a L'annonce faite à Marie :  |b édition augmentée d'une variante pour la scène de l'acte IV /  |c P. Claudel. 
250 |a 15a edición  |b aumentada 
264 4 |a París, Francia :  |b Gallimard,  |c 1940, c1940 
300 |a 239 p. 
336 |a texto  |b txt  |2 rdacontenido 
337 |a sin mediación  |b n  |2 rdamedio 
338 |a volumen  |b nc  |2 rdasoporte 
440 1 |a (Oeuvres de Paul Claudel) 
545 0 |a Paul Claudel (Villeneuve-sur-Fère, 1868 - París, 1955), escritor central en el catolicismo francés del siglo XX y uno de los mayores poetas de su tiempo. Aunque escéptico ante la religión durante su juventud, el autor vivió una crisis espiritual que en 1886 lo llevaría de regreso a ella y que marcaría su obra literaria. Fue en ese mismo año que Claudel conoció Las iluminaciones, de Arthur Rimbaud, cuya lectura le abrió nuevos horizontes para la creación. Es un descubrimiento estético que en diálogo con su conversión, le hace ver la poesía (dramatúrgica y lírica) como espacio para la revelación divina; así y aunque suene paradójico, en su obra convive la modernidad literaria con la ortodoxia religiosa. A partir de 1890 ejerció la diplomacia, como cónsul y embajador en diversos países. Entre sus títulos destacan Cabeza de oro (1891), El cambio (1894), El reposo del séptimo día (1896), Reparto de mediodía (1906), Arte poética (1907), Cinco grandes odas (1909), La anunciación a María (1912), Cantata a tres voces (1913), Poemas de guerra (1922), Hojas de santos (1925), La zapatilla de raso (1929), Rostros radiantes (1945) y los textos autobiográficos Mémoires improvisées (1954) y Journal I y II (1968-1969). 
649 |a XX 
650 |a Virgen María -  |x Anunciación -  |x Tema Principal 
650 |a Virgen María en la Literatura 
650 |a Teatro Francés 
650 |a Teatro Religioso -  |z Francia 
650 |a Literatura Francesa -  |y Siglo XX 
650 |a Literatura Religiosa -  |z Francia 
910 |a Fondo General 
920 |a Impresos - Libros 
930 |a Colección General 
940 |a Literatura 
905 |a 101 
901 |a 032899  |b IT1  |c LIT  |u 20250521 
902 |a https://opac.biblio.iteso.mx/vufind/Record/000342105